Normal view MARC view
  • ROY, S.C

Entry Personal Name

Number of records used in: 1

001 - CONTROL NUMBER

  • control field: 8912

003 - CONTROL NUMBER IDENTIFIER

  • control field: JRU

005 - DATE AND TIME OF LATEST TRANSACTION

  • control field: 20260331115247.0

008 - FIXED-LENGTH DATA ELEMENTS

  • fixed length control field: 260331|| aca||aabn | a|a d

040 ## - CATALOGING SOURCE

  • Original cataloging agency: JRU
  • Transcribing agency: JRU

100 ## - HEADING--PERSONAL NAME

  • Personal name: ROY, S.C

670 ## - SOURCE DATA FOUND

  • Source citation: Work cat.: (JRU)9105: ROY, S.C., THE MUNDAS AND THEIR COUNTRY, 2022